[Event "48.C.to  di Cat.Mag. Semif. ITA"]
[Site "Milano ITA"]
[Date "1988.02.13"]
[Round "1.8"]
[White "Gongalov, Bojan"]
[Black "Vezzosi, Paolo"]
[Result "0-1"]
[WhiteElo "2008"]
[BlackElo "2270"]
[Annotator "Gabriele Ballarin"]
[PlyCount "110"]
[EventDate "1988.02.13"]
[EventType "tourn"]
[EventRounds "9"]
[EventCountry "ITA"]

1. e4 e6 2. d4 d5 3. Nc3 Bb4 4. Nge2 Nf6 5. e5 Nfd7 6. a3 Be7 7. Ng3 c5 8. Qg4 g6 9. Bh6 cxd4 10. Qxd4 Nc6 11. Qa4 a6 12. O-O-O Rb8 13. h4 b5 14. Qf4 Qc7 15. Rxd5 exd5 16. Bg7 Ncxe5 17. Nxd5 Qd6 18. c4 Rg8 19. Bxe5 Qxe5 20. Qxe5 Nxe5 21. cxb5 a5 22. f4 Ng4 23. Bc4 Nf6 24. Nxf6+ Bxf6 25. Ne4 Ke7 26. Re1 Be6 27. Nc5 Rgc8 28. b4 axb4 29. axb4 Bc3 30. Re4 Bxb4 31. Nxe6 fxe6 32. Rxe6+ Kd7 33. Re4 Rxb5 34. Kd1 Rb6 35. g4 Re8 36. Rd4+ Kc7 37. Kc2 Rd6 38. Bd5 Bc5 39. Rd3 Re3 40. Rd1 Rh3 41. h5 gxh5 42. g5 Be3 43. Rd3 Rh2+ 44. Kb3 Bxf4 45. Rc3+ Kb6 46. Kc4 Bxg5 47. Rb3+ Kc7 48. Rb7+ Kd8 49. Kc5 Be7 50. Rb8+ Kd7 51. Rb7+ Ke8 52. Bc6+ Kf7 53. Bd5+ Kf6 54. Rb3 Rc2+ 55. Bc4 Rd8+ 0-1

[Event "48.C.to  di Cat.Mag. Semif. ITA"]
[Site "Milano ITA"]
[Date "1988.02.13"]
[Round "1.9"]
[White "Mantovani, Renzo"]
[Black "Pernisco, Ermanno"]
[Result "1-0"]
[WhiteElo "2410"]
[BlackElo "2080"]
[Annotator "Gabriele Ballarin"]
[PlyCount "77"]
[EventDate "1988.02.13"]
[EventType "tourn"]
[EventRounds "9"]
[EventCountry "ITA"]

1. Nf3 Nf6 2. d4 g6 3. Nc3 Bg7 4. e4 d6 5. Be2 c5 6. dxc5 Qa5 7. O-O Qxc5 8. Be3 Qa5 9. Nd4 Nc6 10. Nb3 Qc7 11. f4 O-O 12. Kh1 a6 13. Bf3 e6 14. Qd2 Rd8 15. Qf2 Nd7 16. Rad1 Rb8 17. Rd2 b6 18. Rfd1 Bf8 19. h4 Bb7 20. h5 Nc5 21. hxg6 hxg6 22. g3 Be7 23. Kg2 Kg7 24. Nd4 Rh8 25. Nxc6 Bxc6 26. Bd4+ e5 27. Be3 Qd7 28. f5 Qb7 29. Nd5 Bxd5 30. Rxd5 Rh7 31. Rh1 Rxh1 32. Kxh1 Nd7 33. Kg1 Nf6 34. Rd1 b5 35. Bg5 Nh7 36. Be3 Qc6 37. Rf1 Ng5 38. Bg2 Qd7 39. f6+ 1-0

[Event "48.C.to  di Cat.Mag. Semif. ITA"]
[Site "Milano ITA"]
[Date "1988.02.13"]
[Round "1.10"]
[White "Paglietti, Nicola"]
[Black "Capurro, Giuliano"]
[Result "1-0"]
[WhiteElo "2174"]
[BlackElo "1976"]
[Annotator "Gabriele Ballarin"]
[PlyCount "93"]
[EventDate "1988.02.13"]
[EventType "tourn"]
[EventRounds "9"]
[EventCountry "ITA"]

1. e4 e5 2. Nf3 Nf6 3. Nc3 d5 4. exd5 e4 5. Ng5 Ng4 6. Ngxe4 f5 7. Be2 fxe4 8. Bxg4 Bc5 9. O-O O-O 10. Bxc8 Qxc8 11. Nxe4 Bb6 12. d3 c6 13. d6 Qe6 14. Be3 Nd7 15. Qd2 Nf6 16. Bxb6 axb6 17. Qb4 Nd5 18. Qb3 Qg6 19. Nc3 Qxd6 20. Nxd5 cxd5 21. Rae1 Rf5 22. Re3 Raf8 23. d4 Qf6 24. c3 Qg5 25. Re2 Qg4 26. Qc2 Rg5 27. g3 h5 28. Re5 Rxe5 29. dxe5 h4 30. Qd3 Qe6 31. Re1 hxg3 32. hxg3 Rd8 33. Qd4 Kf7 34. c4 Qh3 35. Qh4 Qxh4 36. gxh4 d4 37. f4 Ke6 38. Kf2 Kf5 39. Kf3 Rh8 40. Rg1 Rxh4 41. Rg5+ Ke6 42. Rxg7 d3 43. Rg6+ Ke7 44. Rd6 Rh2 45. Rxd3 Rxb2 46. Rb3 Rxa2 47. Rxb6 1-0

[Event "48.C.to  di Cat.Mag. Semif. ITA"]
[Site "Milano ITA"]
[Date "1988.02.13"]
[Round "1.11"]
[White "Altini, Daniele"]
[Black "Drei, Andrea"]
[Result "1-0"]
[WhiteElo "2020"]
[BlackElo "2235"]
[Annotator "Gabriele Ballarin"]
[PlyCount "83"]
[EventDate "1988.02.13"]
[EventType "tourn"]
[EventRounds "9"]
[EventCountry "ITA"]

1. e4 c5 2. Nf3 e6 3. d4 cxd4 4. Nxd4 Nc6 5. Nb5 d6 6. c4 Nf6 7. N1c3 a6 8. Na3 Be7 9. Be2 O-O 10. O-O b6 11. Be3 Ne5 12. f3 Re8 13. Qe1 Qc7 14. Rc1 Bb7 15. Qf2 Ned7 16. Rfd1 Rac8 17. Nc2 Bd8 18. Nd4 Qb8 19. g4 h6 20. h4 Nh7 21. f4 Nhf6 22. Qg2 Nc5 23. Bf3 d5 24. g5 hxg5 25. e5 Nfe4 26. Bxe4 dxe4 27. hxg5 Qc7 28. Rc2 g6 29. Qh3 Kf8 30. Qh8+ Ke7 31. Qg7 Rf8 32. Rh2 Ke8 33. Ndb5 axb5 34. Nxb5 Qc6 35. Rd6 Be7 36. Rxc6 Bxc6 37. Nd6+ Bxd6 38. exd6 Kd7 39. b4 Nb7 40. b5 Nxd6 41. bxc6+ Kxc6 42. Qd4 1-0

[Event "48.C.to  di Cat.Mag. Semif. ITA"]
[Site "Milano ITA"]
[Date "1988.02.13"]
[Round "1.12"]
[White "Castiglioni, Ferruccio"]
[Black "Sarno, Spartaco"]
[Result "0-1"]
[WhiteElo "2030"]
[BlackElo "2245"]
[Annotator "Gabriele Ballarin"]
[PlyCount "69"]
[EventDate "1988.02.13"]
[EventType "tourn"]
[EventRounds "9"]
[EventCountry "ITA"]

1. c4 g6 2. Nc3 Bg7 3. d4 d6 4. Nf3 Nf6 5. g3 O-O 6. Bg2 Nc6 7. O-O e5 8. d5 Ne7 9. c5 Ne8 10. cxd6 cxd6 11. e4 f5 12. Qb3 h6 13. Be3 f4 14. gxf4 exf4 15. Bd4 g5 16. Bxg7 Kxg7 17. Nd4 Ng6 18. Rac1 g4 19. f3 gxf3 20. Nxf3 Rg8 21. Ne2 Kh7 22. Kh1 Nf6 23. Nfd4 Ng4 24. Nxf4 Qg5 25. Nde6 Bxe6 26. Rc7+ Kh8 27. Nxe6 Qe5 28. Qh3 h5 29. Rf5 Qxf5 30. Qb3 Nf2+ 31. Kg1 Nxe4 32. Qxb7 Nf8 33. Nxf8 Raxf8 34. Kh1 Qf1+ 35. Bxf1 0-1

[Event "48.C.to  di Cat.Mag. Semif. ITA"]
[Site "Milano ITA"]
[Date "1988.02.13"]
[Round "1.13"]
[White "Braunberger, Federico"]
[Black "Ratti, Ruggero"]
[Result "0-1"]
[WhiteElo "2060"]
[BlackElo "2291"]
[Annotator "Gabriele Ballarin"]
[PlyCount "44"]
[EventDate "1988.02.13"]
[EventType "tourn"]
[EventRounds "9"]
[EventCountry "ITA"]

1. d4 d5 2. Nf3 Nf6 3. e3 c6 4. c4 e6 5. Nc3 Nbd7 6. Bd3 dxc4 7. Bxc4 b5 8. Bd3 Bb7 9. O-O b4 10. Ne2 c5 11. Ng3 cxd4 12. Nxd4 Bc5 13. Nb3 Be7 14. e4 O-O 15. f4 Nc5 16. Nxc5 Bxc5+ 17. Kh1 h5 18. e5 Ng4 19. h3 Qh4 20. Rf3 Nf2+ 21. Rxf2 Qxh3+ 22. Kg1 Qxg2# 0-1

[Event "48.C.to  di Cat.Mag. Semif. ITA"]
[Site "Milano ITA"]
[Date "1988.02.13"]
[Round "1.14"]
[White "Valenti, Giuseppe"]
[Black "Rizzo, Giovanbattista"]
[Result "1-0"]
[WhiteElo "2245"]
[BlackElo "2054"]
[Annotator "Gabriele Ballarin"]
[PlyCount "43"]
[EventDate "1988.02.13"]
[EventType "tourn"]
[EventRounds "9"]
[EventCountry "ITA"]

1. e4 e5 2. Nf3 Nc6 3. Nc3 Nf6 4. d4 Bb4 5. d5 Ne7 6. Nxe5 d6 7. Bb5+ Kf8 8. Nf3 Nxe4 9. Qd4 Nxd5 10. Qxe4 Bxc3+ 11. bxc3 Nxc3 12. Qd3 Qf6 13. Bg5 Qe6+ 14. Be3 Nxa2 15. Bc4 Qg4 16. Bxa2 Qxg2 17. Rg1 Qxf3 18. Rxg7 Qh1+ 19. Kd2 Qxa1 20. Rxf7+ Ke8 21. Qb5+ c6 22. Qh5 1-0

[Event "48.C.to  di Cat.Mag. Semif. ITA"]
[Site "Milano ITA"]
[Date "1988.02.13"]
[Round "1.15"]
[White "Facchetti, Giovanni"]
[Black "Sottani, Paolo"]
[Result "1-0"]
[WhiteElo "2106"]
[BlackElo "1900"]
[Annotator "Gabriele Ballarin"]
[PlyCount "37"]
[EventDate "1988.02.13"]
[EventType "tourn"]
[EventRounds "9"]
[EventCountry "ITA"]

1. e4 c5 2. Nf3 e6 3. c3 Nf6 4. Bd3 Qc7 5. O-O Nc6 6. Bc2 b6 7. d4 cxd4 8. cxd4 Nb4 9. Nc3 Nxc2 10. Qxc2 d5 11. exd5 Nxd5 12. Qa4+ Bd7 13. Nxd5 Qd6 14. Qb3 exd5 15. Bg5 Be6 16. Rfe1 Qb4 17. Qxd5 Rc8 18. Rxe6+ fxe6 19. Qxe6+ 1-0

[Event "48.C.to  di Cat.Mag. Semif. ITA"]
[Site "Milano ITA"]
[Date "1988.02.13"]
[Round "1.16"]
[White "Caposciutti, Maurizio"]
[Black "Calvenzani, Oscar"]
[Result "1-0"]
[WhiteElo "2181"]
[BlackElo "1986"]
[Annotator "Gabriele Ballarin"]
[PlyCount "65"]
[EventDate "1988.02.13"]
[EventType "tourn"]
[EventRounds "9"]
[EventCountry "ITA"]

1. e4 c5 2. Nf3 d6 3. d4 cxd4 4. Nxd4 Nf6 5. Nc3 Nc6 6. g3 g6 7. Bg2 Bg7 8. Nxc6 bxc6 9. e5 Nd5 10. Nxd5 cxd5 11. Bxd5 Bh3 12. Qf3 O-O 13. Bxa8 Qa5+ 14. c3 Qxe5+ 15. Be3 Qb5 16. Qb7 Qc4 17. Qe4 Qb5 18. Qb7 Qc4 19. Qe4 Qb5 20. Qb4 Qxb4 21. cxb4 Bxb2 22. Rb1 Bc3+ 23. Ke2 Rxa8 24. Rhc1 Bf6 25. b5 d5 26. Rd1 Bf5 27. Rbc1 Bd7 28. Rxd5 Be8 29. Rdc5 Bd7 30. a4 Bb2 31. R1c2 Ba3 32. Rc7 Bf5 33. Ra2 1-0

[Event "48.C.to  di Cat.Mag. Semif. ITA"]
[Site "Milano ITA"]
[Date "1988.02.13"]
[Round "1.17"]
[White "Zagallo, Bruno"]
[Black "Lagumina, Giulio"]
[Result "0-1"]
[WhiteElo "1900"]
[BlackElo "2106"]
[Annotator "Gabriele Ballarin"]
[PlyCount "50"]
[EventDate "1988.02.13"]
[EventType "tourn"]
[EventRounds "9"]
[EventCountry "ITA"]

1. e4 e5 2. Bc4 Nf6 3. d3 Nc6 4. Nf3 Bc5 5. O-O d6 6. c3 a6 7. Bg5 h6 8. Bh4 Ba7 9. Nbd2 g5 10. Bg3 O-O 11. b4 Bg4 12. Qb3 b5 13. Bd5 Nxd5 14. exd5 Ne7 15. Rae1 Ng6 16. h3 Bd7 17. d4 f6 18. Qc2 Kg7 19. dxe5 fxe5 20. Re2 Bf5 21. Ne4 Qd7 22. Qd2 Bxh3 23. Nfxg5 hxg5 24. gxh3 Qxh3 25. Qxg5 Rf5 0-1

[Event "48.C.to  di Cat.Mag. Semif. ITA"]
[Site "Milano ITA"]
[Date "1988.02.13"]
[Round "1.18"]
[White "Martorelli, Antonio"]
[Black "Ricci, Marco"]
[Result "1-0"]
[WhiteElo "2235"]
[BlackElo "2022"]
[Annotator "Gabriele Ballarin"]
[PlyCount "57"]
[EventDate "1988.02.13"]
[EventType "tourn"]
[EventRounds "9"]
[EventCountry "ITA"]

1. e4 e6 2. d4 d5 3. Nc3 Nf6 4. e5 Nfd7 5. Nf3 c5 6. dxc5 Nc6 7. Bf4 Be7 8. a3 a5 9. h4 Nxc5 10. h5 Qb6 11. h6 g6 12. Bb5 Ne4 13. Nd4 Nxc3 14. bxc3 a4 15. O-O O-O 16. Bd3 Nxd4 17. Be3 Bc5 18. cxd4 Bxd4 19. Rb1 Qa7 20. Qf3 Bxe3 21. fxe3 Qc5 22. Rf2 Qe7 23. Qf4 Bd7 24. Rxb7 Rfb8 25. Rxd7 Qxd7 26. Qf6 Rb1+ 27. Kh2 Kf8 28. Qg7+ Ke8 29. Qg8+ 1-0

[Event "48.C.to  di Cat.Mag. Semif. ITA"]
[Site "Milano ITA"]
[Date "1988.02.13"]
[Round "1.19"]
[White "Tirabassi, Maurizio"]
[Black "Micalizzi, Giovanni"]
[Result "1-0"]
[WhiteElo "2211"]
[BlackElo "2068"]
[Annotator "Gabriele Ballarin"]
[PlyCount "61"]
[EventDate "1988.02.13"]
[EventType "tourn"]
[EventRounds "9"]
[EventCountry "ITA"]

1. c4 e5 2. Nc3 Nf6 3. e3 Nc6 4. Nf3 Bb4 5. Qc2 O-O 6. Nd5 Re8 7. Qf5 Nxd5 8. cxd5 g6 9. Qe4 Nd4 10. Nxd4 exd4 11. Qxd4 Bf8 12. Be2 d6 13. O-O a6 14. d3 b5 15. Bd2 Bg7 16. Qb4 Bb7 17. Bf3 a5 18. Qb3 b4 19. d4 Qg5 20. Rfd1 Reb8 21. Qc2 Qe7 22. a3 Ba6 23. axb4 axb4 24. Rdc1 Ra7 25. Be2 Rb6 26. Bxa6 Raxa6 27. Rxa6 Rxa6 28. Qc4 Ra4 29. g3 Qe4 30. Qxc7 Qxd5 31. Qd8+ 1-0

[Event "48.C.to  di Cat.Mag. Semif. ITA"]
[Site "Milano ITA"]
[Date "1988.02.14"]
[Round "2.1"]
[White "Vezzosi, Paolo"]
[Black "Altini, Daniele"]
[Result "1-0"]
[WhiteElo "2270"]
[BlackElo "2020"]
[Annotator "Gabriele Ballarin"]
[PlyCount "171"]
[EventDate "1988.02.13"]
[EventType "tourn"]
[EventRounds "9"]
[EventCountry "ITA"]

1. e4 e5 2. Nf3 Nc6 3. Bb5 a6 4. Ba4 Nf6 5. O-O Be7 6. d3 d6 7. c3 O-O 8. Nbd2 Bg4 9. h3 Bh5 10. g4 Bg6 11. Qe2 Re8 12. Nh4 b5 13. Bc2 d5 14. Ndf3 Qd7 15. Kh2 Bd6 16. Rg1 Ne7 17. Bg5 dxe4 18. dxe4 Nfd5 19. Rad1 Nb6 20. Kh1 Qc6 21. Nf5 f6 22. Bc1 Kh8 23. g5 Bh5 24. Nxd6 cxd6 25. gxf6 gxf6 26. Nxe5 dxe5 27. Qxh5 Rg8 28. Bh6 Rg6 29. Rg4 Rag8 30. Rh4 Qb7 31. Be3 R8g7 32. Rd8+ Ng8 33. Rg4 Nc4 34. Bc5 Qc7 35. Rd5 Nxb2 36. Rxg6 Rxg6 37. Qe2 Qg7 38. Qf1 Rh6 39. Be3 Rh4 40. Qg2 Nc4 41. Bc5 Qh6 42. Kh2 Rh5 43. Rd8 Rg5 44. Qf3 Qg6 45. Bf8 h6 46. Rd1 Qf7 47. Bb4 Qg6 48. Bb3 h5 49. a4 Nh6 50. axb5 axb5 51. Be7 Kg7 52. Rd7 Nf7 53. Bxc4 bxc4 54. Rc7 Qh6 55. Rc8 Kh7 56. Bxf6 Rg6 57. Qf5 Qf4+ 58. Qxf4 exf4 59. e5 f3 60. Rxc4 Rg2+ 61. Kh1 Rxf2 62. Rf4 Re2 63. Rxf3 Nxe5 64. Bxe5 Rxe5 65. c4 Rc5 66. Rf4 Kg6 67. Kg2 Kg5 68. Kg3 Ra5 69. h4+ Kg6 70. Kf3 Re5 71. Re4 Rc5 72. Kf4 Kf6 73. Ke3 Kf5 74. Kd3 Rc6 75. Rd4 Rc7 76. Kc3 Rc8 77. Kb4 Rb8+ 78. Ka5 Rg8 79. Kb5 Rb8+ 80. Kc6 Rg8 81. c5 Rg4 82. Rd5+ Kg6 83. Kb5 Rxh4 84. c6 Rh1 85. c7 Rc1 86. Rc5 1-0

[Event "48.C.to  di Cat.Mag. Semif. ITA"]
[Site "Milano ITA"]
[Date "1988.02.14"]
[Round "2.2"]
[White "Calvenzani, Oscar"]
[Black "Lagrotteria, Salvatore"]
[Result "1/2-1/2"]
[WhiteElo "1986"]
[BlackElo "2068"]
[Annotator "Gabriele Ballarin"]
[PlyCount "166"]
[EventDate "1988.02.13"]
[EventType "tourn"]
[EventRounds "9"]
[EventCountry "ITA"]

1. e4 e5 2. Nf3 Nf6 3. Nc3 Nc6 4. Bb5 Nd4 5. Bc4 Nxf3+ 6. Qxf3 d6 7. h3 c6 8. a4 Be7 9. d3 Be6 10. O-O O-O 11. Qe2 a6 12. f4 Bxc4 13. dxc4 exf4 14. Rxf4 Nd7 15. Be3 Ne5 16. Rf5 g6 17. Rff1 Bg5 18. Bxg5 Qxg5 19. Rad1 Rad8 20. b3 Rfe8 21. Qf2 Rd7 22. Kh1 Re6 23. Qf4 Qxf4 24. Rxf4 Kg7 25. Kg1 Rf6 26. Rf2 Rxf2 27. Kxf2 Kf6 28. Ke3 Ke6 29. Rf1 Re7 30. Rd1 a5 31. Ne2 b6 32. Nd4+ Kd7 33. Nf3 Kc7 34. Nxe5 Rxe5 35. Kf4 Kd7 36. Rd2 Ke6 37. Kf3 h6 38. Kf4 Kd7 39. Kf3 Re6 40. Kf4 Rf6+ 41. Ke3 Ke6 42. Kd3 Ke5 43. Ke3 Rf1 44. Re2 Rf4 45. Kd3 h5 46. Re3 g5 47. Re2 f6 48. c3 Rf1 49. Kc2 c5 50. Rd2 Re1 51. Rd5+ Ke6 52. Rd2 Rxe4 53. Kd3 Ke5 54. Rb2 d5 55. cxd5 Kxd5 56. Rf2 Re6 57. Rf5+ Kd6 58. h4 g4 59. Rxh5 Re1 60. Rf5 Ke6 61. Rf4 f5 62. b4 cxb4 63. cxb4 Rh1 64. bxa5 bxa5 65. Ke2 Rxh4 66. Rc4 Rh8 67. Rc5 Ra8 68. Ke3 Kf6 69. Kf4 Rb8 70. Rxf5+ Ke6 71. Rxa5 Rb4+ 72. Kg3 Kd6 73. Rg5 Rxa4 74. Rxg4 Ra3+ 75. Kh4 Ke5 76. Rb4 Kf6 77. g4 Ra8 78. Rb6+ Kg7 79. Kh5 Rh8+ 80. Kg5 Ra8 81. Rb7+ Kf8 82. Kh5 Ra6 83. g5 Kg8 1/2-1/2

[Event "48.C.to  di Cat.Mag. Semif. ITA"]
[Site "Milano ITA"]
[Date "1988.02.14"]
[Round "2.3"]
[White "Brovelli, Claudio"]
[Black "Marinelli, Tullio"]
[Result "0-1"]
[WhiteElo "2017"]
[BlackElo "2153"]
[Annotator "Gabriele Ballarin"]
[PlyCount "112"]
[EventDate "1988.02.13"]
[EventType "tourn"]
[EventRounds "9"]
[EventCountry "ITA"]

1. d4 Nf6 2. Nf3 e6 3. e3 b6 4. Bd3 Bb7 5. Nbd2 c5 6. b3 cxd4 7. exd4 Be7 8. c4 d6 9. O-O O-O 10. Qe2 Nbd7 11. Bb2 Re8 12. Rfe1 Nf8 13. Rad1 Rc8 14. Ng5 Rc7 15. h4 h6 16. Ngf3 N8d7 17. Bb1 Qa8 18. Qd3 d5 19. Ne5 Rd8 20. Qg3 Bd6 21. Qh3 Nf8 22. h5 dxc4 23. Ndxc4 Be7 24. Ne3 Bb4 25. Re2 Qc8 26. N3g4 Nd5 27. Qg3 Kh8 28. Nc4 Nh7 29. Qd3 Nhf6 30. Nxf6 Nxf6 31. a3 Be7 32. Ne5 Kg8 33. Ng4 Kf8 34. Nxf6 Bxf6 35. Qh7 Rd5 36. a4 Ke7 37. Ba3+ Kd7 38. Be4 Rxh5 39. d5 Bxd5 40. Rxd5+ Rxd5 41. Bxd5 exd5 42. Qf5+ Kd8 43. Qh7 Rc6 44. Qg8+ Kc7 45. Re8 Qd7 46. Ra8 Kb7 47. Rb8+ Ka6 48. b4 Rc4 49. a5 Bd4 50. Ra8 bxa5 51. Rd8 Bxf2+ 52. Kf1 Qb5 53. Kxf2 Qb6+ 54. Ke2 Re4+ 55. Kf1 Qf6+ 56. Kg1 Re1+ 0-1

[Event "48.C.to  di Cat.Mag. Semif. ITA"]
[Site "Milano ITA"]
[Date "1988.02.14"]
[Round "2.4"]
[White "Quagliarella, Sabino Remo"]
[Black "Ricci, Marco"]
[Result "1-0"]
[WhiteElo "1900"]
[BlackElo "2022"]
[Annotator "Gabriele Ballarin"]
[PlyCount "141"]
[EventDate "1988.02.13"]
[EventType "tourn"]
[EventRounds "9"]
[EventCountry "ITA"]

1. c4 e5 2. Nc3 Nf6 3. g3 d5 4. Bg2 dxc4 5. Qa4+ c6 6. Qxc4 Be6 7. Qa4 Nbd7 8. Nf3 Nd5 9. O-O Be7 10. Nxd5 cxd5 11. Nxe5 O-O 12. Nxd7 Bxd7 13. Qb3 Bc6 14. d4 Bf6 15. e3 Qa5 16. Qc3 Qa6 17. Bd2 Rac8 18. Rfc1 b6 19. Qb3 Rfd8 20. Bf1 Qb7 21. Bb4 Qd7 22. Qd1 g6 23. b3 h5 24. h4 Kg7 25. Qf3 Bb5 26. Bg2 Bc6 27. a4 a5 28. Ba3 Rc7 29. Kh2 Be7 30. Bh3 Qe8 31. Bb2 Bd6 32. Rc2 Qe7 33. Kg1 Bd7 34. Rxc7 Bxc7 35. Ba3 Bd6 36. Bxd6 Qxd6 37. Bxd7 Qxd7 38. Rc1 Re8 39. Qf4 Re7 40. Kg2 Qb7 41. Qd6 Re6 42. Qd8 Qe7 43. Rc8 Qxd8 44. Rxd8 Kf6 45. Rxd5 Rc6 46. Rb5 Rd6 47. Kf3 Ke6 48. Ke4 f5+ 49. Kd3 Kd7 50. f3 Rf6 51. d5 Kc7 52. b4 axb4 53. Rxb4 Rf8 54. Kd4 Ra8 55. Rc4+ Kd7 56. e4 fxe4 57. fxe4 g5 58. hxg5 Rg8 59. Rc6 Rxg5 60. Rxb6 Rxg3 61. Rh6 Rg5 62. a5 Kc7 63. a6 Rg1 64. Rxh5 Ra1 65. Rh6 Rg1 66. Rc6+ Kb8 67. d6 Ra1 68. Kd5 Rh1 69. e5 Rh5 70. d7 Ka7 71. Rc7+ 1-0

[Event "48.C.to  di Cat.Mag. Semif. ITA"]
[Site "Milano ITA"]
[Date "1988.02.14"]
[Round "2.5"]
[White "Ratti, Ruggero"]
[Black "Paglietti, Nicola"]
[Result "1-0"]
[WhiteElo "2291"]
[BlackElo "2174"]
[Annotator "Gabriele Ballarin"]
[PlyCount "111"]
[EventDate "1988.02.13"]
[EventType "tourn"]
[EventRounds "9"]
[EventCountry "ITA"]

1. Nf3 Nf6 2. c4 g6 3. d4 Bg7 4. g3 O-O 5. Bg2 c6 6. O-O d5 7. Nbd2 Bf5 8. e3 Re8 9. b3 Nbd7 10. Bb2 Ne4 11. Nh4 e5 12. cxd5 cxd5 13. Ndf3 Bg4 14. h3 Bxf3 15. Nxf3 exd4 16. Bxd4 Ndf6 17. Qd3 Qa5 18. Rfc1 Rec8 19. Rc2 Rxc2 20. Qxc2 Ne8 21. Bxg7 Kxg7 22. Qb2+ Qc3 23. Qxc3+ Nxc3 24. Nd4 b5 25. a3 a5 26. Kf1 Nd6 27. Ke1 Rc8 28. Rc1 Kf6 29. f3 b4 30. axb4 axb4 31. Ra1 Ndb5 32. Bf1 Na3 33. Bd3 Rc5 34. Kd2 Nab5 35. Nxb5 Nxb5 36. Ra5 Rc3 37. Rxb5 Rxb3 38. Rxd5 Rb2+ 39. Kc1 Rf2 40. f4 Rf3 41. Kd2 Rxg3 42. Rb5 Rxh3 43. Rxb4 Rh2+ 44. Kc3 Ra2 45. Rb6+ Kg7 46. Rb7 Ra5 47. e4 g5 48. Bc4 gxf4 49. Rxf7+ Kg6 50. Rxf4 h5 51. Kd4 Kg5 52. Rf1 h4 53. e5 h3 54. e6 h2 55. e7 Ra8 56. Bb5 1-0

[Event "48.C.to  di Cat.Mag. Semif. ITA"]
[Site "Milano ITA"]
[Date "1988.02.14"]
[Round "2.6"]
[White "Pernisco, Ermanno"]
[Black "Sani, Valentino"]
[Result "1-0"]
[WhiteElo "2080"]
[BlackElo "1900"]
[Annotator "Gabriele Ballarin"]
[PlyCount "111"]
[EventDate "1988.02.13"]
[EventType "tourn"]
[EventRounds "9"]
[EventCountry "ITA"]

1. Nf3 Nf6 2. c4 e6 3. Nc3 Be7 4. d4 d5 5. Bg5 O-O 6. e3 c6 7. Qc2 Nbd7 8. O-O-O dxc4 9. Bxc4 Nd5 10. h4 Re8 11. Rh3 Nf8 12. Rg3 Nf6 13. Qe2 b5 14. Bd3 Qa5 15. Ne5 Bb7 16. Kb1 b4 17. Ne4 Nd5 18. Qh5 Ng6 19. Nxf7 Nc3+ 20. Nxc3 bxc3 21. Bxg6 hxg6 22. Qh8+ Kxf7 23. Rf3+ Qf5+ 24. Rxf5+ exf5 25. Qxe8+ Rxe8 26. Bxe7 Rxe7 27. bxc3 Ke6 28. Kc2 c5 29. f3 c4 30. Rb1 Kd6 31. Kd2 Bd5 32. Rb8 Kc7 33. Rb5 Kd6 34. Ra5 Rb7 35. Kc2 Re7 36. Ra6+ Bc6 37. Kd2 Rb7 38. Kc1 Re7 39. Kd2 Rb7 40. e4 fxe4 41. fxe4 Re7 42. d5 Rxe4 43. Rxc6+ Kxd5 44. Rxg6 Re7 45. Rg5+ Kc6 46. g4 Kd6 47. h5 Kc6 48. Rf5 Re4 49. Rg5 Re7 50. Kc1 Rb7 51. Rf5 Re7 52. Kb2 Kd6 53. Ka3 Re4 54. Rg5 Re7 55. Kb4 Rc7 56. Ra5 1-0

[Event "48.C.to  di Cat.Mag. Semif. ITA"]
[Site "Milano ITA"]
[Date "1988.02.14"]
[Round "2.7"]
[White "Sarno, Spartaco"]
[Black "Facchetti, Giovanni"]
[Result "1-0"]
[WhiteElo "2245"]
[BlackElo "2106"]
[Annotator "Gabriele Ballarin"]
[PlyCount "71"]
[EventDate "1988.02.13"]
[EventType "tourn"]
[EventRounds "9"]
[EventCountry "ITA"]

1. d4 Nf6 2. c4 e5 3. dxe5 Ng4 4. Nf3 Nc6 5. Bf4 Bb4+ 6. Nbd2 Qe7 7. a3 Ngxe5 8. Nxe5 Nxe5 9. e3 Bxd2+ 10. Qxd2 d6 11. Be2 a5 12. O-O a4 13. c5 dxc5 14. Qc3 f6 15. Rac1 b6 16. Bxe5 Qxe5 17. Bb5+ Bd7 18. Bxd7+ Kxd7 19. Qd3+ Ke7 20. f4 Qe6 21. e4 Rhd8 22. Qg3 Kf8 23. e5 Kg8 24. Rce1 fxe5 25. Rxe5 Qf7 26. h4 Rf8 27. Rg5 Rad8 28. f5 Rd6 29. Rf4 Rd4 30. f6 g6 31. Rf3 Qc4 32. Rxg6+ Kh8 33. Rg7 Rxh4 34. Qe5 Qd4+ 35. Qxd4 Rxd4 36. Rh3 1-0

[Event "48.C.to  di Cat.Mag. Semif. ITA"]
[Site "Milano ITA"]
[Date "1988.02.14"]
[Round "2.8"]
[White "Iudicello, Massimo"]
[Black "Rizzo, Giovanbattista"]
[Result "1-0"]
[WhiteElo "1914"]
[BlackElo "2054"]
[Annotator "Gabriele Ballarin"]
[PlyCount "79"]
[EventDate "1988.02.13"]
[EventType "tourn"]
[EventRounds "9"]
[EventCountry "ITA"]

1. e4 d6 2. d4 Nf6 3. Nc3 g6 4. Nf3 Bg7 5. Be2 O-O 6. O-O Bg4 7. h3 Bxf3 8. Bxf3 Nc6 9. Bg5 Nd7 10. Nd5 h6 11. Be3 e6 12. Nc3 Nb6 13. Be2 e5 14. d5 Nd4 15. Bd3 c5 16. dxc6 bxc6 17. Qd2 Qh4 18. f4 f5 19. exf5 gxf5 20. Bxd4 exd4 21. Ne2 Kh8 22. Rf3 c5 23. Ng3 Qf6 24. Nxf5 c4 25. Nxg7 Qxg7 26. Bf1 Rae8 27. a4 d5 28. a5 Nd7 29. b3 Re3 30. Qd1 Rxf3 31. Qxf3 d3 32. Ra2 d2 33. Be2 Qd4+ 34. Kh2 Qxf4+ 35. Qxf4 Rxf4 36. c3 d4 37. Rxd2 cxb3 38. cxd4 Rf5 39. Rb2 Rxa5 40. Rxb3 1-0

[Event "48.C.to  di Cat.Mag. Semif. ITA"]
[Site "Milano ITA"]
[Date "1988.02.14"]
[Round "2.9"]
[White "Lagumina, Giulio"]
[Black "Tirabassi, Maurizio"]
[Result "1-0"]
[WhiteElo "2106"]
[BlackElo "2211"]
[Annotator "3h 55'"]
[PlyCount "61"]
[EventDate "1988.02.13"]
[EventType "tourn"]
[EventRounds "9"]
[EventCountry "ITA"]

1. e4 c5 2. Nf3 e6 3. d4 cxd4 4. Nxd4 Nf6 5. Nc3 d6 6. Bb5+ Bd7 7. Qe2 Be7 8. Be3 O-O 9. O-O-O Nc6 10. f3 Qc7 11. g4 a6 12. Bxc6 Bxc6 13. g5 Nd7 14. h4 b5 15. Qg2 Nb6 16. g6 Bd7 17. gxh7+ Kxh7 18. Rdg1 Bf6 19. e5 Bxe5 20. f4 Bf6 21. Ne4 Qd8 22. Ng5+ Kg8 23. Qe4 Re8 24. Qh7+ Kf8 25. h5 Ke7 26. h6 Nd5 27. hxg7 Rg8 28. Qe4 Nxe3 29. Qxe3 Qc7 30. Nf5+ Ke8 31. Nh7 1-0

[Event "48.C.to  di Cat.Mag. Semif. ITA"]
[Site "Milano ITA"]
[Date "1988.02.14"]
[Round "2.10"]
[White "Capurro, Giuliano"]
[Black "Braunberger, Federico"]
[Result "0-1"]
[WhiteElo "1976"]
[BlackElo "2060"]
[Annotator "Gabriele Ballarin"]
[PlyCount "96"]
[EventDate "1988.02.13"]
[EventType "tourn"]
[EventRounds "9"]
[EventCountry "ITA"]

1. d4 Nf6 2. c4 e6 3. Nc3 Bb4 4. Qc2 c5 5. e3 Nc6 6. Nf3 Bxc3+ 7. bxc3 Qa5 8. Bd3 b6 9. a4 Ba6 10. O-O Rc8 11. d5 exd5 12. cxd5 Nxd5 13. Bxa6 Qxa6 14. Qe4+ Nde7 15. c4 Na5 16. Nd2 Qb7 17. Qe5 f6 18. Qd6 Qc6 19. Qd3 O-O 20. e4 Ng6 21. f4 Rce8 22. Bb2 Nb7 23. e5 fxe5 24. fxe5 Nf4 25. Qf3 Qxf3 26. Nxf3 Na5 27. Nd2 Nd3 28. Rxf8+ Rxf8 29. Bc3 Nc6 30. Nf3 Nf4 31. Kf2 g5 32. g3 g4 33. gxf4 Rxf4 34. Rc1 Rxf3+ 35. Kg2 Kf7 36. Bb2 Ke6 37. Rd1 Rb3 38. Ba1 Ra3 39. Bb2 Ra2 40. Rd6+ Ke7 41. Rd2 Rxa4 42. Kg3 Rxc4 43. Kh4 Re4 44. Kg5 Nd4 45. Bxd4 Rxd4 46. Rg2 a5 47. Rb2 Rb4 48. Rg2 a4 0-1